IBM PC для пользователя

Xehetasun bibliografikoak
Egile nagusia: Фигурнов В. Э Виктор Эвальдович
Gaia:Исключено из фонда НТБ ТПУ
Hizkuntza:errusiera
Argitaratua: СПб., Коруна, 1994
Edizioa:5-е изд., испр. и доп.
Formatua: MixedMaterials Liburua
KOHA link:https://koha.lib.tpu.ru/cgi-bin/koha/opac-detail.pl?biblionumber=33594

MARC

LEADER 00000nam0a2200000 4500
001 33594
005 20231030215055.0
010 |a 587672002X 
035 |a (RuTPU)RU\TPU\book\33948 
035 |a BOOK00000599 
090 |a 33594 
100 |a 20011210d1994 m y0rusy50 ca 
101 0 |a rus 
102 |a RU 
105 |a y j 000zy 
200 1 |a IBM PC для пользователя  |f В. Э. Фигурнов 
205 |a 5-е изд., испр. и доп. 
210 |a СПб.  |c Коруна  |d 1994 
215 |a 352 с. 
333 |a Исключено из фонда НТБ ТПУ 
700 1 |a Фигурнов  |b В. Э  |g Виктор Эвальдович 
801 0 |a RU  |b 63413507  |c 20011210  |g PSBO 
801 2 |a RU  |b 63413507  |c 20210518  |g PSBO 
942 |c BK